| 000 | 00899nam a22002177a 4500 | ||
|---|---|---|---|
| 999 |
_c4320 _d4320 |
||
| 005 | 20251125232752.0 | ||
| 008 | s2539 th tha d | ||
| 020 | _a9747115972 | ||
| 040 | _aNALT | ||
| 041 | _atha | ||
| 050 |
_aDS578.32.ค521 _bร113ม 2539 |
||
| 100 | 0 | _aรงค์ วงษ์สวรรค์ | |
| 245 | 1 | 0 | _aม.ร.ว.คึกฤทธิ์ ปราโมช ในเงาเวลาของ รงค์ วงษ์สวรรค์ |
| 260 | 3 |
_aกรุงเทพฯ : _bมติชน, _c2539 |
|
| 300 |
_a235 หน้า : _bภาพประกอบ ; _c 29 ซม. |
||
| 650 | 0 | 4 | _aคึกฤทธิ์ ปราโมช, ม.ร.ว. -- ผลงาน |
| 650 | 0 | 4 | _aคึกฤทธิ์ ปราโมช, ม.ร.ว., 2454--2538 |
| 850 | _aNALT | ||
| 856 | 4 | 0 |
_uhttps://hdl.handle.net/20.500.14156/386062 _71 |
| 942 |
_cGB _2lcc |
||